| 000 | 00815nas a2200265 4500 | ||
|---|---|---|---|
| 001 | BR0502737 | ||
| 003 | BR-BrBNA | ||
| 005 | 20231205105419.0 | ||
| 007 | ta | ||
| 008 | 230509b bl.|||p| |||| 00| 00por d | ||
| 040 |
_aBR-BrBNA _bpor _cBiblioteca Nacional de Agricultura |
||
| 041 | _a(Pt) | ||
| 072 | _aS40; C10 | ||
| 100 | 1 | _aPipitone, M.A.P. | |
| 100 | 1 | _aSilva, M.V. da | |
| 100 | 1 | _aSturion, G.L. | |
| 100 | 1 | _aCaroba, D.C.R. | |
| 245 | 1 | _aA educação nutricional nos livros didáticos de ciências utilizados no ensino fundamental | |
| 650 | _aPROGRAMA DE NUTRIÇÃO | ||
| 650 | _aENSINO MÉDIO | ||
| 650 | _aSÃO PAULO | ||
| 773 | 0 |
_tHigiene Alimentar (Brazil) _xISSN 0101-9171 _g(Apr 2005), v. 19(130) p. 12-19 _wBR0502737 |
|
| 909 |
_a202311 _bLúcia _c55 _dLúcia Elande |
||
| 942 |
_2AGRIS _n0 _cANA |
||
| 999 |
_c182847 _d182847 |
||